000
00300nam a22001217a 4500
008
181018b xxu||||| |||| 00| 0 eng d
041
_a
eng
080
_a
591
100
_a
591
101
_a
zoo
245
_a
Disease The Horse A Handbook For Science And Practice
_c
Olof.D
942
_2
udc
_c
BK
999
_c
50091
_d
50091